The Tallest Statues by Picture (No Yellow Box) - Statistics

General Stats
  • This quiz has been taken 7 times
  • The average score is 39 of 79
Answer Stats
Picture Hint Answer % Correct
52 m (ex. ped.) - 2015 - Thimphu, Bhutan Buddha Dordenma statue - Gautama Buddha
100%
40 m (ex. ped.) - 2013 - Near Ravangla, Sikkim, India Buddha Park of Ravangla/Tathagata Tsal - Gautama Buddha
100%
50 m - 2010 - Manado, Sulawesi, Indonesia Christ Blessing - Jesus
100%
52 m - 2010 - Swiebodzin, Poland Christ the King - Jesus
100%
39 m - 1931 - Rio de Janeiro, Brazil Christ the Redeemer - Jesus
100%
72 m - 2016 - Qufu, Shandong, China Confucius of Mount Ni - Confucius
100%
40 m - 1994 - Cochabamba, Bolivia Cristo de la Concordia - Jesus
100%
38 m (ex. ped.) - 2006 - Amaravathi, Andhra Pradesh, India Dyana Buddha - Gautama Buddha
100%
108 m - 2011 - Kaohsiung, Taiwan Fo Guang Shan Big Buddha - Gautama Buddha
100%
78 m - 2019 - Kyaikto, Myanmar Gautama Buddha
100%
55 m - 554 (destroyed 2001) - Bamyan, Afghanistan Great Buddha of Bamyan - Gautama Buddha
100%
92 m - 2008 - Wiset Chai Chan District, Thailand Great Buddha of Thailand - Gautama Buddha
100%
92 m - 2015 - Makale, Sulawesi, Indonesia Jesus Buntu Burake - Jesus
100%
129 m - 2008 - Monywa, Myanmar Laykyun Sekkya - Gautama Buddha
100%
67 m - 1973 - Roi Et, Thailand Luangpho Yai - Gautama Buddha
100%
38 m - 507 (destroyed 2001) - Bamyan, Afghanistan Minor Buddha of Bamyan - Gautama Buddha
100%
45 m - 2014 - Phuket, Thailand Phuket Big Buddha - Gautama Buddha
100%
34 m - 1993 - Hong Kong, China Tian Tan Buddha (The Big Buddha) - Gautama Buddha
100%
32 m - 2009 - Changsha, Hunan, China Young Mao Zedong Statue - Mao Zedong
100%
34 m - 2017 - Coimbatore, Tamil Nadu, India Adiyogi Shiva statue - Shiva
75%
43 m - 2010 - Near Kathmandu, Nepal Kailashnath Mahadev Statue - Shiva
75%
46 m - 1983 - Trujillo, Venezuela Monumento a la Virgen de la Paz - Mary
75%
96 m - 2021 - Batangas City, Philippines Mother of All Asia–Tower of Peace - Mary
75%
37 m - 2006 - Murdeshwara, Karnataka, India Shiva of Murudeshwara - Shiva
75%
93 m - 1886 - New York, US Statue of Liberty - Libertas
75%
53 m - 1941 - Near Lyon, France Vierge du Mas Rillier, Our Lady of the Sacred Heart - Mary
75%
45 m (ex. ped.) - 2013 - Oruro, Bolivia Virgen del Socavón - Mary
75%
39 m (ex. ped.) - 2012 - Khlong Khuean District, Thailand Ganesha
50%
122 m - 2018 - Bali, Indonesia Garuda Wisnu Kencana statue - Vishnu riding Garuda
50%
30 m - 2005 - Canindé, Brazil São Francisco de Canindé - Francis of Assisi
50%
52 m - 2010 - Near Dakar, Senegal African Renaissance Monument - African people
25%
57 m - 1987 - Aizuwakamutsu, Japan Aizu Jibo Dai-Kannon - Guanyin/Avalokiteshvara
25%
42 m - 1974 - Murmansk, Russia Alyosha Monument of Murmansk - Soviet soldier
25%
42 m - 2009 - Buca, Izmir, Turkey Atatürk Mask - Mustafa Kemal Atatürk
25%
100 m - 1982 - Awaji Island, Japan Awaji Kannon - Guanyin/Avalokiteshvara
25%
31 m - 1790 - Kyonan, Japan Bhaisajyaguru of the Nihon-ji Temple - Bhaisajyaguru/Medicine Buddha
25%
45 m - 1995 - Seville, Spain Birth of a New Man - Christopher Columbus
25%
110 m - 2016 - Arecibo, Puerto Rico, US (google photo afterwards) Birth of the New World - Christopher Columbus
25%
88 m - 1989 - Ashibetsu, Hokkaido, Japan Dai Kannon of Kita no Miyako park - Guanyin/Avalokiteshvara
25%
32 m - 2010 - Diskit, Ladakh, India Diskit Monastery Buddha statue - Maitreya Buddha
25%
50 m - 2008 - Ulaanbaatar, Mongolia Equestrian statue of Genghis Khan
25%
40 m - 1975 - Kaohsiung, Taiwan Fo Guang Shan monastery - Amitabha Buddha
25%
33 m - 1990 - Boeun County, South Korea Golden Buddha of Beopjusa temple - Maitreya Buddha
25%
88 m - 1996 - Wuxi, Jiangsu, China Grand Buddha at Ling Shan - Amitabha Buddha
25%
41 m - 1936 - Takasaki, Japan Grand Byakue Kannon - Guanyin/Avalokiteshvara
25%
72 m - 2011 - Hsinchu County, Taiwan Great Standing Maitreya Buddha - Budai/Maitreya Buddha
25%
40 m (ex. ped.) - 1994 - Guangzhou, Guangdong, China Guanyin of Lianhuashan - Guanyin/Avalokiteshvara
25%
77 m - 1998 - Foshan, Guangdong, China Guanyin of Mount Xiqiao - Guanyin/Avalokiteshvara
25%
108 m - 2005 - Sanya, Hainan, China Guanyin of Nanshang - Guanyin/Avalokiteshvara
25%
60 m - 2014 - Chimalhuacán, Greater Mexico City, Mexico Guerrero Chimalli - Chimalli/Aztec Warrior
25%
99 m - 2009 - Ningxian, Hunan, China Guishan Guanyin of the Thousand Hands and Eyes - Guanyin/Avalokiteshvara
25%
32 m - Nandura, Maharashtra, India Hanuman
25%
33 m - 2010 - Shimla, Himachal Pradesh, India Jakhoo temple Hanuman - Hanuman
25%
62 m - 1983 - Kurume, Japan Jibo Kannon of Naritasan Kurume Bunin - Guanyin/Avalokiteshvara
25%
99 m - 2012 - Chizhou, Anhui, China Jiuhua Dayuan Culture Park - Ksitigarbha (bodhisattva)
25%
40 m - 1934 - Janitzio, Michoacan, Mexico José María Morelos statue - José María Morelos
25%
71 m - 803 - Mount Emei Scenic Area, Sichuan, China Leshan Giant Buddha - Maitreya Buddha
25%
42 m (ex. ped.) - 2006 - Batu Caves, Gombak, Malaysia Lord Murugan Statue - Kartikeya/Skanda/Murugan
25%
32 m - 1927 - Bangkok, Thailand Luang Pho To - Maitreya Buddha
25%
37 m - 1996 - Sentosa, Singapore Merlion
25%
102 m - 1981 - Kiev, Ukraine Motherland Monument - Representing Ukraine
25%
36 m (ex. ped.) - 2004 - Namchi, Sikkim, India Padmasambhava of Namchi - Padmasambhava
25%
37 m (ex. ped.) - 2012 - Rewalsar, Himachal Pradesh, India Padmasambhava of Rewalsar - Padmasambhava
25%
41 m - 2003 - Vijayawada, Andhra Pradesh, India Paritala Temple Anjaneya - Hanuman
25%
30 m - 280 BCE (destroyed 226 BCE) - Rhodes, Greece Rhodes Colussus - Helios (sun god)
25%
37 m - 817 - Near Rongxian, Sichuan, China Rongxian Giant Buddha - Maitreya Buddha
25%
56 m - 2010 - Santa Cruz, Rio Grande do Norte, Brazil Santa Rita de Cássia - Rita of Cascia
25%
100 m - 1991 - Sendai, Japan Sendai Daikannon - Guanyin/Avalokiteshvara
25%
67 m - 2010 - Da Nang, Vietnam Son Tra Quan Am - Guanyin/Avalokiteshvara
25%
153 m - 2008 - Lushan County, Henan, China Spring Temple Buddha - Vairocana Buddha
25%
33 m - 2016 - Nashik, Maharashtra Statue of Ahimsa - Rishabhanatha (1st Tirthankara of Jainism)
25%
65 m - 2018 - Hyderabad, Telangana, India Statue of Equality - Ramanuja (Hindu philosopher)
25%
58 m - 2016 - Jingzhou, Hubei, China Statue of Guan Yu - Guan Yu (war god)
25%
240 m - 2018 - Kevadia, Gujarat, India Statue of Unity - Sardar Vallabhbhai Patel (independence activist)
25%
50 m - 2019 - Bayambang, Philippines St. Vincent Ferrer Statue - Vincent Ferrer
25%
48 m (ex. ped.) - 2005 - Mount Emei, Sichuan, China Ten Directions Samantabhadra Bodhisattva - Samantabhadra
25%
85 m - 1967 - Volgograd, Russia The Motherland Calls - Representing Russia
25%
76 m - 2012 - Hong Kong, China Tsz Shan Monastery Statue - Guanyin/Avalokiteshvara
25%
120 m - 1993 - Ushiku, Japan Ushiku Daibutsu - Amitabha Buddha
25%
No matching quizzes found
Score Distribution
Percent of People with Each Score
Percentile by Number Answered
Your Score History
You have not taken this quiz